[Event "2015 British Chess Championships: Championship"]
[Site "University of Warwick, Coventry, Warwickshire"]
[Date "2015.08.04"]
[Round "8"]
[Board "13"]
[White "Taylor, Adam A"]
[Black "Willmoth, Robert F"]
[Result "1-0"]
[WhiteElo "2055"]
[BlackElo "2173"]
[PlyCount "87"]
[EventDate "2015.07.27"]
[EventRounds "11"]
[EventCountry "ENG"]

1. Nf3 d6 2. d4 Bg4 3. g3 Bxf3 4. exf3 d5 5. f4 e6 6. Nd2 g6 7. Nf3 Bg7 8. Bd3
Ne7 9. c3 Qd6 10. O-O O-O 11. Ne5 c5 12. dxc5 Qxc5 13. Re1 Qc7 14. h4 Nbc6 15.
Nxc6 Nxc6 16. h5 Rac8 17. Be3 Rfd8 18. Rc1 Na5 19. Qe2 a6 20. Kg2 Qd6 21. Bb1
Nc6 22. Rcd1 Qe7 23. Bb6 Rd7 24. Qg4 Qf6 25. Re2 gxh5 26. Qxh5 h6 27. Qf3 Bf8
28. f5 Re7 29. Qg4+ Bg7 30. fxe6 fxe6 31. Rxd5 Rce8 32. Rd1 e5 33. Bc5 Rc7 34.
Qe4 Nd8 35. Ba3 Qg5 36. Bc2 Ne6 37. Qh7+ Kf7 38. Bb3 Kf6 39. Rd6 Rf7 40. Re3
Qh5 41. Rf3+ Qxf3+ 42. Kxf3 Bf8 43. Rxe6+ Rxe6 44. Qxf7+ 1-0

[Event "2015 British Chess Championships: Championship"]
[Site "University of Warwick, Coventry, Warwickshire"]
[Date "2015.08.04"]
[Round "8"]
[Board "14"]
[White "Kalaiyalahan, Akshaya"]
[Black "Wadsworth, Matthew J"]
[Result "1/2-1/2"]
[WhiteElo "1999"]
[BlackElo "2160"]
[PlyCount "94"]
[EventDate "2015.07.27"]
[EventRounds "11"]
[EventCountry "ENG"]

1. Nf3 Nf6 2. g3 d5 3. Bg2 c6 4. O-O Bf5 5. c4 e6 6. cxd5 cxd5 7. Qb3 Qb6 8.
Qxb6 axb6 9. Nc3 Nc6 10. d3 Bc5 11. Bd2 O-O 12. Nb5 Rfc8 13. Bc3 Ne8 14. Rfc1
Nd6 15. Nxd6 Bxd6 16. Nd4 Bg6 17. e4 Bc5 18. Nxc6 bxc6 19. b4 Be7 20. a3 Ra4
21. Bd4 b5 22. exd5 exd5 23. Bh3 Rca8 24. Rxc6 Bxb4 25. Bb2 h5 26. Rc8+ Rxc8
27. Bxc8 Bc5 28. Bb7 d4 29. Bc6 Bxd3 30. Rd1 Bc4 31. Bxd4 Bxd4 32. Rxd4 Rxa3
33. Rd8+ Kh7 34. Bd5 g6 35. Bxc4 bxc4 36. Rc8 c3 37. Kf1 Kg7 38. Rc6 Kf8 39.
Ke2 Ra2+ 40. Ke3 c2 41. h4 Ke7 42. f3 Kd7 43. Rc4 Kd6 44. Kd2 c1=Q+ 45. Kxc1
Rf2 46. Rf4 Ke6 47. Kd1 Ra2 1/2-1/2

[Event "2015 British Chess Championships: Championship"]
[Site "University of Warwick, Coventry, Warwickshire"]
[Date "2015.08.04"]
[Round "8"]
[Board "15"]
[White "Mason, Donald J"]
[Black "Jones, Steven A"]
[Result "1/2-1/2"]
[WhiteElo "2145"]
[BlackElo "2126"]
[PlyCount "37"]
[EventDate "2015.07.27"]
[EventRounds "11"]
[EventCountry "ENG"]

1. e4 c5 2. d4 cxd4 3. c3 Nc6 4. cxd4 d5 5. exd5 Qxd5 6. Nf3 e5 7. Nc3 Bb4 8.
Bd2 Bxc3 9. Bxc3 e4 10. Ne5 Nxe5 11. dxe5 Ne7 12. Qe2 Nc6 13. Rd1 Qxa2 14. Qxe4
Be6 15. Bd3 O-O-O 16. O-O Kb8 17. Qe3 Qb3 18. Rd2 Qb6 19. Qxb6 1/2-1/2

[Event "2015 British Chess Championships: Championship"]
[Site "University of Warwick, Coventry, Warwickshire"]
[Date "2015.08.04"]
[Round "8"]
[Board "16"]
[White "Zhang, Anthony Y"]
[Black "Weaving, Richard"]
[Result "0-1"]
[WhiteElo "2109"]
[BlackElo "2257"]
[PlyCount "65"]
[EventDate "2015.07.27"]
[EventRounds "11"]
[EventCountry "ENG"]

1. d4 Nf6 2. Nf3 e6 3. c4 d5 4. Nc3 c6 5. Bg5 h6 6. Bxf6 Qxf6 7. e3 Nd7 8. Bd3
dxc4 9. Bxc4 g6 10. O-O Bg7 11. Rc1 O-O 12. a4 e5 13. d5 Nb6 14. Ne4 Qd8 15.
dxc6 bxc6 16. Bb3 Rb8 17. a5 Nd7 18. Nd6 Ba6 19. Re1 c5 20. e4 Qc7 21. Bc4 Bxc4
22. Nxc4 Rfd8 23. Qc2 Nf8 24. Qc3 Ne6 25. Ne3 Nf4 26. Nd5 Nxd5 27. exd5 e4 28.
Nd4 Qd6 29. Qxc5 Qxc5 30. Rxc5 Bxd4 31. Rc4 Rxd5 32. Rxe4 Bxb2 33. g3 0-1

[Event "2015 British Chess Championships: Championship"]
[Site "University of Warwick, Coventry, Warwickshire"]
[Date "2015.08.04"]
[Round "8"]
[Board "17"]
[White "Okhai, Shabir"]
[Black "Hackner, Oskar A"]
[Result "1-0"]
[WhiteElo "1994"]
[BlackElo "2162"]
[PlyCount "67"]
[EventDate "2015.07.27"]
[EventRounds "11"]
[EventCountry "ENG"]

1. e4 e6 2. d4 d5 3. exd5 exd5 4. Nf3 Bg4 5. Bb5+ c6 6. Bd3 Bd6 7. h3 Bh5 8.
O-O Nd7 9. Re1+ Ne7 10. Nbd2 Nf6 11. c4 O-O 12. Qb3 dxc4 13. Bxc4 b5 14. Bd3
Ned5 15. Ne5 Re8 16. Ndf3 Bxf3 17. Nxf3 Rxe1+ 18. Nxe1 Qb6 19. Nf3 Nb4 20. Be3
Nxd3 21. Qxd3 Nd5 22. Rc1 Re8 23. Bd2 Rd8 24. Qc2 Rc8 25. Qf5 Ne7 26. Qh5 g6
27. Qg5 Nf5 28. Qf6 Be7 29. Qe5 Rd8 30. Be3 Rd5 31. Qe4 Bf6 32. Qe8+ Kg7 33.
Rxc6 Qb7 34. Rc8 1-0

[Event "2015 British Chess Championships: Championship"]
[Site "University of Warwick, Coventry, Warwickshire"]
[Date "2015.08.04"]
[Round "8"]
[Board "18"]
[White "Golding, Alex"]
[Black "Shaw, Peter"]
[Result "0-1"]
[WhiteElo "1963"]
[BlackElo "2146"]
[PlyCount "74"]
[EventDate "2015.07.27"]
[EventRounds "11"]
[EventCountry "ENG"]

1. e4 d6 2. d4 Nf6 3. Nc3 c6 4. f3 Nbd7 5. Be3 e5 6. Qd2 Be7 7. Nge2 b5 8. g4
Nb6 9. Ng3 O-O 10. g5 Nfd7 11. h4 b4 12. Nd1 exd4 13. Bxd4 c5 14. Be3 d5 15.
Qg2 dxe4 16. Nxe4 Bb7 17. Ndf2 Nd5 18. Bd2 Qc7 19. Ng4 c4 20. h5 c3 21. bxc3
bxc3 22. Bc1 Rae8 23. Be2 Qb6 24. Nh6+ Kh8 25. g6 fxg6 26. Nf7+ Rxf7 27. hxg6
Rf5 28. Rxh7+ Kg8 29. Qg4 Qe6 30. Bh6 gxh6 31. Rxh6 Bf6 32. g7 Rg5 33. Qxe6+
Rxe6 34. Nxg5 Rxe2+ 35. Kxe2 Bxg5 36. Rd6 N7b6 37. Rg1 Ba6+ 0-1

[Event "2015 British Chess Championships: Championship"]
[Site "University of Warwick, Coventry, Warwickshire"]
[Date "2015.08.04"]
[Round "8"]
[Board "19"]
[White "Lam, Paul G M"]
[Black "Willson, Ollie"]
[Result "1/2-1/2"]
[WhiteElo "2136"]
[BlackElo "1909"]
[PlyCount "102"]
[EventDate "2015.07.27"]
[EventRounds "11"]
[EventCountry "ENG"]

1. Nc3 d5 2. e4 d4 3. Nce2 e5 4. Ng3 g6 5. Nf3 Bg7 6. Bb5+ Bd7 7. Bxd7+ Qxd7 8.
d3 c5 9. O-O Nc6 10. a4 Nge7 11. Ng5 O-O 12. Bd2 Nc8 13. f4 exf4 14. Rxf4 Ne5
15. Qe2 Nd6 16. b3 h6 17. Nh3 g5 18. Rff1 Ng4 19. Nf5 Ne3 20. Bxe3 Nxf5 21.
exf5 dxe3 22. f6 Bh8 23. Rf3 Rfe8 24. Raf1 Qd4 25. Kh1 Re6 26. c3 Qxc3 27. Rxe3
Rxf6 28. Rb1 Bg7 29. Nf2 Qd4 30. Ng4 Rf4 31. h3 Rd8 32. Re1 Qd6 33. Nf2 Bd4 34.
Ne4 Qg6 35. Rf3 Rxf3 36. Qxf3 b6 37. Ng3 Bg7 38. Nf5 Kh7 39. Re7 a6 40. g4 Rf8
41. Qb7 Qf6 42. Qe4 Kh8 43. Qd5 Qa1+ 44. Kg2 Qb2+ 45. Kg3 Qc1 46. Kg2 Qd2+ 47.
Kg1 Qd1+ 48. Kg2 Bf6 49. Qd6 Qd2+ 50. Kf3 Qd1+ 51. Kf2 Bg7 1/2-1/2

[Event "2015 British Chess Championships: Championship"]
[Site "University of Warwick, Coventry, Warwickshire"]
[Date "2015.08.04"]
[Round "8"]
[Board "20"]
[White "Grieve, Harry"]
[Black "Pleasants, Allan J"]
[Result "1-0"]
[WhiteElo "1899"]
[BlackElo "2120"]
[PlyCount "105"]
[EventDate "2015.07.27"]
[EventRounds "11"]
[EventCountry "ENG"]

1. d4 d6 2. e4 g6 3. Nc3 Bg7 4. Be3 a6 5. a4 Nd7 6. Qd2 c6 7. f3 b6 8. h4 h6 9.
g4 Bb7 10. Nge2 Qc7 11. h5 g5 12. Ng3 d5 13. Nf5 Bf8 14. Bf2 e6 15. Bg3 Qd8 16.
Nd6+ Bxd6 17. Bxd6 Ne7 18. exd5 cxd5 19. a5 Rc8 20. f4 Rc6 21. Bb4 Qb8 22. Bxe7
Kxe7 23. Qe3 Nf6 24. fxg5 hxg5 25. Bg2 Qf4 26. Qxf4 gxf4 27. Bf3 Nh7 28. axb6
Rxb6 29. Na4 Rd6 30. Nc5 Rb8 31. Kf2 Ng5 32. Nd3 Bc8 33. Ra2 Ne4+ 34. Kg2 Rdb6
35. Nxf4 Ng5 36. b3 Rb4 37. Rd1 Kd6 38. Nh3 Nxh3 39. Kxh3 Ke7 40. Be2 f6 41.
Rd2 Bb7 42. Bd1 Rc8 43. Rd3 e5 44. c3 Rb6 45. Re3 e4 46. Kg3 Rg8 47. Kf4 Bc8
48. c4 f5 49. g5 dxc4 50. bxc4 Rb1 51. Rd2 Rc1 52. c5 Bd7 53. Ra2 1-0

[Event "2015 British Chess Championships: Championship"]
[Site "University of Warwick, Coventry, Warwickshire"]
[Date "2015.08.04"]
[Round "8"]
[Board "21"]
[White "Villiers, Thomas"]
[Black "Jones, William E G"]
[Result "1/2-1/2"]
[WhiteElo "2097"]
[BlackElo "2115"]
[PlyCount "92"]
[EventDate "2015.07.27"]
[EventRounds "11"]
[EventCountry "ENG"]

1. c4 Nf6 2. g3 g6 3. Bg2 Bg7 4. Nc3 O-O 5. e4 c5 6. Nge2 Nc6 7. d3 a6 8. O-O
Rb8 9. a4 d6 10. h3 Ne8 11. Be3 Nc7 12. d4 cxd4 13. Nxd4 Ne6 14. Nde2 Na5 15.
b3 Bd7 16. Rb1 b5 17. cxb5 axb5 18. Nd4 bxa4 19. bxa4 Rxb1 20. Nxb1 Nc5 21. Nb5
Bxb5 22. axb5 Qb6 23. Qe2 Nab3 24. Rd1 Rb8 25. Bf1 Qb7 26. f3 Ra8 27. Nd2 Nd4
28. Qf2 Nc2 29. Bxc5 dxc5 30. Nb3 Bd4 31. Rxd4 Nxd4 32. Nxc5 Qc7 33. Qxd4 Qxg3+
34. Kh1 Ra2 35. Qg1 Qxf3+ 36. Bg2 Qc3 37. Bf1 Qf3+ 38. Bg2 Qf6 39. Bf1 Ra1 40.
Kg2 Ra2+ 41. Kh1 Ra1 42. Kg2 Qg5+ 43. Kh1 Qf4 44. Kg2 Qg5+ 45. Kh1 Qf4 46. Kg2
Qg5+ 1/2-1/2

[Event "2015 British Chess Championships: Championship"]
[Site "University of Warwick, Coventry, Warwickshire"]
[Date "2015.08.04"]
[Round "8"]
[Board "22"]
[White "Coleman, David J"]
[Black "Burnett, Jim"]
[Result "1/2-1/2"]
[WhiteElo "2231"]
[BlackElo "2091"]
[PlyCount "86"]
[EventDate "2015.07.27"]
[EventRounds "11"]
[EventCountry "ENG"]

1. e4 e6 2. d4 d5 3. Nc3 Bb4 4. e5 c5 5. a3 Bxc3+ 6. bxc3 Ne7 7. Qg4 Qc7 8. Bd3
Nbc6 9. Nf3 c4 10. Be2 O-O 11. h4 f6 12. Bh6 Nf5 13. Bf4 fxe5 14. Bxe5 Nxe5 15.
Nxe5 Bd7 16. h5 Ba4 17. Kd2 Rae8 18. Rh3 Qb6 19. Rc1 Qb2 20. Rf3 Qxa3 21. Kd1
Qe7 22. Ra1 Bb5 23. Rh3 Nh6 24. Qg3 a6 25. f3 Rf5 26. Qh2 Qg5 27. Qg1 Nf7 28.
Ng4 e5 29. g3 exd4 30. Qxd4 Qe7 31. Rh2 Rxf3 32. Kc1 Rxg3 33. Kb2 Qe4 34. Qf2
Rxg4 35. Bxg4 Qxg4 36. Rg1 Qe6 37. Rhg2 Qh6 38. Qf5 Re5 39. Qg4 Be8 40. Qc8
Qb6+ 41. Kc1 Qh6+ 42. Kb2 Qb6+ 43. Kc1 Qh6+ 1/2-1/2

[Event "2015 British Chess Championships: Championship"]
[Site "University of Warwick, Coventry, Warwickshire"]
[Date "2015.08.04"]
[Round "8"]
[Board "24"]
[White "Osborne, Marcus E"]
[Black "Paterson, Andrew I"]
[Result "1-0"]
[WhiteElo "2190"]
[BlackElo "2039"]
[PlyCount "55"]
[EventDate "2015.07.27"]
[EventRounds "11"]
[EventCountry "ENG"]

1. d4 Nf6 2. Nf3 g6 3. g3 Bg7 4. Bg2 O-O 5. O-O d6 6. a4 Nc6 7. a5 e5 8. dxe5
dxe5 9. Qxd8 Rxd8 10. a6 e4 11. Ng5 Nd4 12. Nc3 Nxc2 13. Ra4 b5 14. Ra5 Bg4 15.
h3 b4 16. hxg4 bxc3 17. bxc3 Nxg4 18. Ra2 Ne1 19. Bxe4 Rab8 20. Rxe1 Bxc3 21.
Rf1 Rb4 22. Bf3 Ne5 23. Be3 Bd4 24. Rd1 c5 25. Ne4 Nxf3+ 26. exf3 Rc8 27. Rc2
Ra4 28. Bxd4 1-0

[Event "2015 British Chess Championships: Championship"]
[Site "University of Warwick, Coventry, Warwickshire"]
[Date "2015.08.04"]
[Round "8"]
[Board "25"]
[White "Slade, Theodore"]
[Black "Kalavannan, Koby"]
[Result "0-1"]
[WhiteElo "1962"]
[BlackElo "2178"]
[PlyCount "72"]
[EventDate "2015.07.27"]
[EventRounds "11"]
[EventCountry "ENG"]

1. e4 c5 2. Nf3 e6 3. c4 a6 4. Nc3 Nc6 5. Be2 Qc7 6. O-O Nf6 7. d4 cxd4 8. Nxd4
Be7 9. Be3 O-O 10. Rc1 Nb8 11. Qd2 d6 12. Rfd1 Nbd7 13. f4 b6 14. b4 Bb7 15.
Bf3 Rac8 16. a3 Qb8 17. Qe2 Qa8 18. Bf2 Rc7 19. f5 Rfc8 20. fxe6 fxe6 21. Nb1
Bxe4 22. Nxe6 Bxf3 23. gxf3 Ne5 24. Nxc7 Nxf3+ 25. Kg2 Nh4+ 26. Kg3 Qg2+ 27.
Kf4 Nd5+ 28. Rxd5 Rf8+ 29. Ke3 Rf3+ 30. Kd2 Rxf2 31. Re1 Nf3+ 32. Ke3 Bg5+ 33.
Kd3 Nxe1+ 34. Qxe1 Rf3+ 35. Kd4 Bf6+ 36. Re5 Bxe5+ 0-1

[Event "2015 British Chess Championships: Championship"]
[Site "University of Warwick, Coventry, Warwickshire"]
[Date "2015.08.04"]
[Round "8"]
[Board "26"]
[White "Mckenna, Jason P"]
[Black "Fryer, David W"]
[Result "1-0"]
[WhiteElo "2175"]
[BlackElo "1951"]
[PlyCount "117"]
[EventDate "2015.07.27"]
[EventRounds "11"]
[EventCountry "ENG"]

1. e4 d6 2. d4 Nf6 3. Nc3 e5 4. Nf3 Nbd7 5. Bc4 Be7 6. O-O O-O 7. Re1 c6 8. a4
a5 9. h3 exd4 10. Nxd4 Nb6 11. Ba2 Nfd7 12. f4 Nc5 13. Qh5 Nbxa4 14. Nxa4 Nxa4
15. Bxf7+ Rxf7 16. Rxa4 Bd7 17. Ra1 c5 18. Ne2 Qb6 19. Nc3 Bc6 20. Nd5 Bxd5 21.
Qxd5 Bf6 22. Kh1 Qc7 23. Ra3 Rd8 24. Rf3 Kh8 25. g4 Rff8 26. g5 Be7 27. Bd2 b5
28. Rg1 b4 29. b3 Qc8 30. Ra1 Qa8 31. Rd3 Rde8 32. Kg2 Qxd5 33. Rxd5 Bd8 34.
Kf3 Bc7 35. Ke3 Rf7 36. Kd3 Rfe7 37. Re1 Kg8 38. Bc1 a4 39. bxa4 Ra8 40. Bb2
Rxa4 41. e5 dxe5 42. fxe5 Ra2 43. Rb1 Ra5 44. Kc4 Rf7 45. Rxc5 Rf4+ 46. Kd5
Rxc5+ 47. Kxc5 Re4 48. Kd5 Re2 49. Bd4 Rxc2 50. Rxb4 Kf7 51. Rb7 Ke8 52. Bc5
Rxc5+ 53. Kxc5 Bxe5 54. Kd5 Ba1 55. Ke6 Kd8 56. Rd7+ Kc8 57. Rd1 Bb2 58. Kf7
Be5 59. Re1 1-0

[Event "2015 British Chess Championships: Championship"]
[Site "University of Warwick, Coventry, Warwickshire"]
[Date "2015.08.04"]
[Round "8"]
[Board "27"]
[White "Graham, David B"]
[Black "Gower, Sam"]
[Result "0-1"]
[WhiteElo "2162"]
[BlackElo "1915"]
[PlyCount "118"]
[EventDate "2015.07.27"]
[EventRounds "11"]
[EventCountry "ENG"]

1. e4 e5 2. Nf3 Nc6 3. Bc4 Bc5 4. b4 Bxb4 5. c3 Ba5 6. d4 d6 7. Qb3 Qd7 8. O-O
Bb6 9. Bb5 a6 10. Ba4 Ba7 11. c4 exd4 12. Bb2 Nge7 13. Nxd4 O-O 14. Bxc6 bxc6
15. Nd2 Qg4 16. Rae1 Bd7 17. Re3 Ng6 18. Rg3 Qf4 19. Qc3 Bxd4 20. Qxd4 Qe5 21.
Qxe5 dxe5 22. Ra3 Be6 23. g3 Rfd8 24. Bc3 Rd3 25. Rc1 f6 26. Kf1 Kf7 27. Ke2
Rd7 28. Rb1 f5 29. Rb4 c5 30. Rba4 Rd6 31. Nf3 fxe4 32. Ng5+ Ke7 33. Nxe4 Rc6
34. Nxc5 Kf7 35. Nxe6 Kxe6 36. Kd3 Kf5 37. Ra5 Rd8+ 38. Rd5 Rxd5+ 39. cxd5 Rd6
40. Kc4 c6 41. dxc6 Rxc6+ 42. Kd3 Rd6+ 43. Ke3 Ne7 44. g4+ Kxg4 45. Bxe5 Re6
46. Ke4 g5 47. Kd4 Nc6+ 48. Kd5 Rxe5+ 49. Kxc6 Re2 50. Rxa6 Rxf2 51. a4 Rxh2
52. a5 Ra2 53. Ra8 h5 54. a6 h4 55. a7 h3 56. Kb7 h2 57. Rh8 Kg3 58. Rh5 g4 59.
Kb6 Rxa7 0-1

[Event "2015 British Chess Championships: Championship"]
[Site "University of Warwick, Coventry, Warwickshire"]
[Date "2015.08.04"]
[Round "8"]
[Board "28"]
[White "Beckett, Chris J"]
[Black "Zhu, Richard"]
[Result "1/2-1/2"]
[WhiteElo "2160"]
[BlackElo "1869"]
[PlyCount "90"]
[EventDate "2015.07.27"]
[EventRounds "11"]
[EventCountry "ENG"]

1. d4 d5 2. c4 e6 3. Nc3 Nf6 4. cxd5 exd5 5. Bg5 Be7 6. e3 O-O 7. Bd3 Re8 8.
Nge2 Nbd7 9. O-O Nf8 10. Qc2 g6 11. b4 Ne6 12. Bxf6 Bxf6 13. b5 Ng5 14. Nf4 c6
15. bxc6 bxc6 16. Na4 Bd7 17. Nc5 Re7 18. Rab1 Be8 19. Rfc1 Qd6 20. Nb7 Qd7 21.
Na5 Ne6 22. Rb7 Qd6 23. Rxe7 Bxe7 24. Nxe6 Qxe6 25. Nxc6 Ba3 26. Na5 Bxc1 27.
Qxc1 Rc8 28. Qd2 Qb6 29. Nb3 Bb5 30. g3 Bxd3 31. Qxd3 Kg7 32. Kg2 Rc6 33. Nc5
Qb2 34. Qb3 Qxb3 35. axb3 Kf6 36. f3 Ke7 37. Kf2 f5 38. Ke2 Kd6 39. h4 a5 40.
Kd3 Rxc5 41. dxc5+ Kxc5 42. Kc3 h5 43. Kd3 Kb4 44. Kc2 Kb5 45. Kd3 Kb4 1/2-1/2

[Event "2015 British Chess Championships: Championship"]
[Site "University of Warwick, Coventry, Warwickshire"]
[Date "2015.08.04"]
[Round "8"]
[Board "29"]
[White "Waters, Clive L"]
[Black "Shepherd, Katherine M"]
[Result "1/2-1/2"]
[WhiteElo "2147"]
[BlackElo "1864"]
[PlyCount "98"]
[EventDate "2015.07.27"]
[EventRounds "11"]
[EventCountry "ENG"]

1. d4 d5 2. c4 c6 3. Nf3 Nf6 4. Nc3 e6 5. e3 Nbd7 6. Be2 Bd6 7. O-O O-O 8. Qc2
dxc4 9. Bxc4 e5 10. h3 exd4 11. exd4 Nb6 12. Bb3 Be7 13. Bf4 Nbd5 14. Be5 h6
15. Rfd1 Be6 16. Na4 Nb4 17. Qc3 Ne4 18. Qe3 Bxb3 19. Qxb3 Qd5 20. Qxd5 Nxd5
21. Re1 f5 22. a3 b5 23. Nc3 Ndxc3 24. bxc3 Nxc3 25. Bxg7 Kxg7 26. Rxe7+ Kf6
27. Rae1 Ne4 28. Rh7 Rh8 29. Rxh8 Rxh8 30. Ne5 Rc8 31. f3 Nc3 32. g4 a5 33.
Nd7+ Kg5 34. Re5 Kf4 35. Kf2 fxg4 36. hxg4 Nd1+ 37. Ke2 Nc3+ 38. Kd3 Nd5 39.
Rf5+ Kg3 40. Nc5 b4 41. Ne4+ Kg2 42. axb4 axb4 43. Nd6 Ra8 44. Nc4 b3 45. Rf7
Ra2 46. Rb7 Kxf3 47. Ne5+ Kg3 48. Rxb3 Kf4 49. Nxc6 Kxg4 1/2-1/2

[Event "2015 British Chess Championships: Championship"]
[Site "University of Warwick, Coventry, Warwickshire"]
[Date "2015.08.04"]
[Round "8"]
[Board "30"]
[White "Eagleton, Greg T"]
[Black "Menadue, Jeremy F S"]
[Result "1/2-1/2"]
[WhiteElo "1994"]
[BlackElo "2042"]
[PlyCount "28"]
[EventDate "2015.07.27"]
[EventRounds "11"]
[EventCountry "ENG"]

1. d4 d5 2. c4 c6 3. Nf3 Nf6 4. Nc3 e6 5. e3 Nbd7 6. Bd3 dxc4 7. Bxc4 b5 8. Bd3
a6 9. O-O c5 10. Qe2 Bb7 11. a3 Bd6 12. e4 cxd4 13. Nxd4 Qc7 14. h3 Nc5 1/2-1/2

[Event "2015 British Chess Championships: Championship"]
[Site "University of Warwick, Coventry, Warwickshire"]
[Date "2015.08.04"]
[Round "8"]
[Board "31"]
[White "Jarmany, John"]
[Black "Willow, Jonah B"]
[Result "1-0"]
[WhiteElo "2036"]
[BlackElo "1918"]
[PlyCount "93"]
[EventDate "2015.07.27"]
[EventRounds "11"]
[EventCountry "ENG"]

1. d4 Nf6 2. c4 c5 3. d5 b5 4. cxb5 a6 5. bxa6 g6 6. Nc3 Bxa6 7. Nf3 Bg7 8. g3
d6 9. Bg2 O-O 10. Rb1 Nbd7 11. O-O Qc7 12. Qc2 Nb6 13. Nd2 Bb7 14. e4 Ba6 15.
Rd1 Ng4 16. h3 Ne5 17. Nf3 Nbc4 18. b3 Nxf3+ 19. Bxf3 Ne5 20. Be2 Bxe2 21. Qxe2
Qd7 22. Kg2 f5 23. f4 Nf7 24. Na4 Qb7 25. Bb2 Bxb2 26. Rxb2 Qb4 27. Rc2 Nh6 28.
Rc4 Qa3 29. e5 Rfe8 30. Rd2 Rab8 31. Qe1 Kf8 32. Nxc5 dxc5 33. Ra4 Qxa4 34.
bxa4 Nf7 35. Qc1 Ra8 36. Qc3 Kg8 37. Qxc5 Rxa4 38. d6 exd6 39. exd6 Raa8 40. d7
Red8 41. Qd5 Kf8 42. Rd4 Rdb8 43. a4 Rb2+ 44. Kf3 Rab8 45. Qc5+ Kg8 46. Rd3 Nd8
47. Re3 1-0

[Event "2015 British Chess Championships: Championship"]
[Site "University of Warwick, Coventry, Warwickshire"]
[Date "2015.08.04"]
[Round "8"]
[Board "32"]
[White "Evans, Nicholas Thomas"]
[Black "Myall, Ivan J"]
[Result "1-0"]
[WhiteElo "1923"]
[BlackElo "2048"]
[PlyCount "99"]
[EventDate "2015.07.27"]
[EventRounds "11"]
[EventCountry "ENG"]

1. d4 Nf6 2. c4 e6 3. Nf3 d5 4. Nc3 Bb4 5. cxd5 exd5 6. Bg5 h6 7. Bh4 g5 8. Bg3
Ne4 9. Nd2 Nxg3 10. hxg3 c6 11. Qc2 Qf6 12. e3 Bf5 13. Bd3 Bxd3 14. Qxd3 Nd7
15. a3 Bxc3 16. bxc3 Qe7 17. a4 Nf6 18. Qf5 Ne4 19. Nxe4 Qxe4 20. Qf6 Rg8 21.
Rxh6 Qe7 22. Qxe7+ Kxe7 23. Rb1 Rab8 24. a5 Kd7 25. Rh7 Ke6 26. Ke2 Rg6 27. Rb4
b5 28. axb6 Rxb6 29. Rh8 Ra6 30. Rb2 Kf6 31. Kd3 Ra1 32. Ra8 Rd1+ 33. Kc2 Ra1
34. f3 Rh6 35. e4 Rhh1 36. g4 Rhc1+ 37. Kd2 Rd1+ 38. Kc2 Rdc1+ 39. Kb3 Ra6 40.
e5+ Kg7 41. Rb8 Raa1 42. Rb7 Kf8 43. Kb4 a5+ 44. Kc5 Rxc3+ 45. Kd6 Rh1 46. Re7
Rh6+ 47. Kd7 c5 48. Rb8+ Kg7 49. Ree8 f6 50. Re7+ 1-0

[Event "2015 British Chess Championships: Championship"]
[Site "University of Warwick, Coventry, Warwickshire"]
[Date "2015.08.04"]
[Round "8"]
[Board "33"]
[White "Peacock, Malcolm R"]
[Black "Lentzos, Ioanis"]
[Result "1/2-1/2"]
[WhiteElo "2123"]
[BlackElo "2019"]
[PlyCount "46"]
[EventDate "2015.07.27"]
[EventRounds "11"]
[EventCountry "ENG"]

1. c4 c5 2. g3 Nc6 3. Bg2 g6 4. Nc3 Bg7 5. a3 d6 6. Rb1 a5 7. Nf3 e5 8. O-O
Nge7 9. d3 O-O 10. Ne1 Be6 11. Nd5 Rb8 12. Nc2 b5 13. Nce3 f5 14. f4 exf4 15.
Nxf4 Bf7 16. Ned5 Re8 17. cxb5 Rxb5 18. Qa4 Qb8 19. Nc7 Qxc7 20. Qxb5 Rb8 21.
Qa6 Rb6 22. Qa8+ Rb8 23. Qa6 Rb6 1/2-1/2

[Event "2015 British Chess Championships: Championship"]
[Site "University of Warwick, Coventry, Warwickshire"]
[Date "2015.08.04"]
[Round "8"]
[Board "35"]
[White "Ilett, Raymond J"]
[Black "Garnett, John S"]
[Result "1-0"]
[WhiteElo "1886"]
[BlackElo "1984"]
[PlyCount "121"]
[EventDate "2015.07.27"]
[EventRounds "11"]
[EventCountry "ENG"]

1. d4 Nf6 2. c4 c5 3. d5 b5 4. cxb5 a6 5. e3 e6 6. Nc3 Bb7 7. e4 exd5 8. bxa6
Nxa6 9. Bxa6 Rxa6 10. exd5 g6 11. Nf3 Qe7+ 12. Be3 Bg7 13. O-O O-O 14. Qb3 d6
15. Rfe1 Qc7 16. Rad1 Rb8 17. Qc2 Bc8 18. Bf4 Bf5 19. Qe2 Rab6 20. Bc1 Rb4 21.
a3 R4b7 22. Nd2 Nd7 23. Nc4 Ne5 24. Ne3 Qc8 25. Nxf5 Qxf5 26. Qe4 Qd7 27. h3 c4
28. Re2 Nd3 29. Qxc4 Nxb2 30. Bxb2 Rxb2 31. Rxb2 Rxb2 32. Na4 Rb8 33. Qc6 Qe7
34. Nb6 Qe2 35. Rf1 Bd4 36. Qc4 Bxf2+ 37. Rxf2 Qe1+ 38. Qf1 Qxf1+ 39. Kxf1 Rxb6
40. Ra2 Kg7 41. a4 f5 42. a5 Ra6 43. Ke2 Kf6 44. Kd3 g5 45. Kc4 Ra8 46. a6 h5
47. a7 h4 48. Kb5 Ke5 49. Kc6 g4 50. hxg4 fxg4 51. Re2+ Kf4 52. Kb7 Rd8 53.
a8=Q Rxa8 54. Kxa8 h3 55. gxh3 gxh3 56. Re8 h2 57. Rh8 Ke4 58. Kb7 Kxd5 59. Kb6
Ke4 60. Rxh2 d5 61. Kc5 1-0

[Event "2015 British Chess Championships: Championship"]
[Site "University of Warwick, Coventry, Warwickshire"]
[Date "2015.08.04"]
[Round "8"]
[Board "36"]
[White "Rice, Chris B"]
[Black "Page, Mark E"]
[Result "1/2-1/2"]
[WhiteElo "2015"]
[BlackElo "2096"]
[PlyCount "83"]
[EventDate "2015.07.27"]
[EventRounds "11"]
[EventCountry "ENG"]

1. c4 e5 2. g3 Nc6 3. Nc3 f5 4. Nf3 e4 5. Nh4 g6 6. d3 exd3 7. exd3 Bg7 8. Bg2
Nf6 9. O-O O-O 10. d4 d6 11. d5 Ne5 12. b3 a6 13. Bb2 g5 14. Nf3 Nxf3+ 15. Bxf3
Ng4 16. Bxg4 fxg4 17. Qd2 Bf5 18. Rae1 Qf6 19. Nd1 Qg6 20. Bxg7 Qxg7 21. Ne3
Bd7 22. Nc2 Rae8 23. Nd4 Qg6 24. Rxe8 Rxe8 25. Re1 Rxe1+ 26. Qxe1 Qf6 27. Qe4
Qe5 28. Qxe5 dxe5 29. Ne2 Bf5 30. Kf1 Kf7 31. Nc3 Ke7 32. Ke2 Kd6 33. b4 b6 34.
Ke3 h6 35. a3 Ke7 36. Ne2 Kd6 37. Nc3 Ke7 38. Kd2 Kd6 39. Ke3 Ke7 40. Ne2 Kd6
41. Nc3 Ke7 42. Ne2 1/2-1/2

[Event "2015 British Chess Championships: Championship"]
[Site "University of Warwick, Coventry, Warwickshire"]
[Date "2015.08.04"]
[Round "8"]
[Board "37"]
[White "Wager, John D"]
[Black "Young, Daniel J"]
[Result "1-0"]
[WhiteElo "2117"]
[BlackElo "1807"]
[PlyCount "93"]
[EventDate "2015.07.27"]
[EventRounds "11"]
[EventCountry "ENG"]

1. d4 Nf6 2. Nf3 g6 3. c4 Bg7 4. Nc3 O-O 5. Bg5 d6 6. e3 h6 7. Bh4 c5 8. d5 g5
9. Bg3 Nh5 10. Nd2 Nxg3 11. hxg3 f5 12. Bd3 e5 13. e4 f4 14. g4 Na6 15. f3 Bd7
16. a3 Nc7 17. b4 b6 18. Ke2 Qe7 19. Bc2 Rab8 20. Ba4 b5 21. Bb3 bxc4 22. Bxc4
cxb4 23. axb4 Nb5 24. Nxb5 Bxb5 25. Bxb5 Rxb5 26. Qa4 Rb7 27. Rhc1 Rfb8 28. Rc6
Rxb4 29. Qxa7 R4b7 30. Qa3 Bf8 31. Rac1 Qf6 32. Rc7 Rxc7 33. Rxc7 Rd8 34. Qa7
Qg6 35. Rd7 Rc8 36. Qb7 Rc5 37. Rd8 Qf6 38. Qb8 Rc2 39. Kd3 Ra2 40. Nc4 Ra6 41.
Nb6 Rxb6 42. Qxb6 Kg7 43. Rd7+ Be7 44. Qd8 Kf7 45. Kc4 h5 46. gxh5 g4 47. fxg4
 1-0